[Event "Titled Tuesday intern op 04th Jul Early"]
[Site "Chess.com INT"]
[Date "2023.07.04"]
[Round "8"]
[White "Brunner, Nicolas"]
[Black "Sowa, Ryan"]
[Result "0-1"]
[WhiteElo "2426"]
[BlackElo "2051"]
[PlyCount "72"]
[EventDate "2023.07.04"]
[EventType "swiss (blitz)"]
[EventRounds "11"]
[EventCountry "USA"]
[SourceTitle "EXT 2024"]
[Source "ChessBase"]
[SourceDate "2023.10.10"]
[SourceVersion "1"]
[SourceVersionDate "2023.10.10"]
[SourceQuality "1"]

1. Nf3 b6 2. g3 Bb7 3. Bg2 Nf6 4. 0-0 g6 5. c4 Bg7 6. d4 0-0 7. d5 c6 8. Nc3 cxd5 9. cxd5 e6 10. e4 exd5 11. exd5 Na6 12. Nd4 d6 13. Nc6 Qd7 14. Be3 Nc7 15. Rc1 Rfc8 16. Qa4 Ng4 17. Bd4 Ne5 18. Bxe5 dxe5 19. Rfd1 Ne8 20. Ne4 Nd6 21. Nxd6 Qxd6 22. Qa3 Bf8 23. Qxd6 Bxd6 24. a3 Rc7 25. b4 a6 26. g4 f6 27. Be4 Kh8 28. Kg2 Rf8 29. Rc3 f5 30. gxf5 gxf5 31. Bb1 e4 32. Rdc1 Rg7+ 33. Kh1 Rf6 34. Ba2 Rh6 35. h3 Rhg6 36. Nd4 Rg2 0-1

[Event "Titled Tuesday intern op 04th Jul Early"]
[Site "Chess.com INT"]
[Date "2023.07.04"]
[Round "4"]
[White "Koridze, Lile"]
[Black "Sowa, Ryan"]
[Result "0-1"]
[WhiteElo "2140"]
[BlackElo "2051"]
[PlyCount "78"]
[EventDate "2023.07.04"]
[EventType "swiss (blitz)"]
[EventRounds "11"]
[EventCountry "USA"]
[SourceTitle "EXT 2024"]
[Source "ChessBase"]
[SourceDate "2023.10.10"]
[SourceVersion "1"]
[SourceVersionDate "2023.10.10"]
[SourceQuality "1"]

1. d4 Nh6 2. c4 g6 3. Nc3 Bg7 4. e4 d6 5. h3 0-0 6. Nf3 f6 7. Be3 e5 8. Qd2 Nf7 9. Be2 Nc6 10. 0-0 f5 11. dxe5 dxe5 12. Bc5 Qxd2 13. Nxd2 Rd8 14. Nf3 fxe4 15. Nxe4 Nd4 16. Nxd4 exd4 17. Rad1 b6 18. Ba3 Bf5 19. Bf3 Ne5 20. Ng5 Nxf3+ 21. Nxf3 c5 22. b4 cxb4 23. Bxb4 Rac8 24. Rc1 Bd3 25. Rfd1 Bxc4 26. a3 d3 27. Nd2 Bd5 28. Rxc8 Rxc8 29. Nf1 Bc4 30. Ne3 Bb5 31. a4 Ba6 32. a5 Kf7 33. axb6 axb6 34. Ra1 Ra8 35. Rc1 Be5 36. Rc6 Bb5 37. Rc1 Ra4 38. Bd2 Ra2 39. Bb4 Ba4 0-1

[Event "Titled Tuesday intern op 04th Jul Early"]
[Site "Chess.com INT"]
[Date "2023.07.04"]
[Round "11"]
[White "Sowa, Ryan"]
[Black "Postny, Evgeny"]
[Result "0-1"]
[WhiteElo "2051"]
[BlackElo "2563"]
[PlyCount "260"]
[EventDate "2023.07.04"]
[EventType "swiss (blitz)"]
[EventRounds "11"]
[EventCountry "USA"]
[SourceTitle "EXT 2024"]
[Source "ChessBase"]
[SourceDate "2023.10.10"]
[SourceVersion "1"]
[SourceVersionDate "2023.10.10"]
[SourceQuality "1"]

1. Nf3 Nf6 2. b3 g6 3. Bb2 Bg7 4. g3 0-0 5. Bg2 d6 6. d4 Nc6 7. 0-0 e5 8. dxe5 Nd7 9. c4 Ndxe5 10. Nxe5 Nxe5 11. Nc3 Re8 12. Qd2 Rb8 13. Rac1 Bg4 14. h3 Bf5 15. e4 Bxh3 16. f4 Bxg2 17. Kxg2 Ng4 18. Rce1 h5 19. Nd5 Bxb2 20. Qxb2 c6 21. Ne3 Qd7 22. f5 Rxe4 23. Nxg4 Rxg4 24. Qf6 Re8 25. fxg6 Rxg6 26. Qf4 Ree6 27. Rh1 Qe7 28. Ref1 Ref6 29. Qd4 Qe2+ 30. Rf2 Rxf2+ 31. Qxf2 Qxf2+ 32. Kxf2 Rg5 33. Rd1 d5 34. Kf3 Kg7 35. cxd5 Rxd5 36. Re1 Rf5+ 37. Kg2 Kf6 38. Rd1 Rd5 39. Rf1+ Ke6 40. Rf2 a5 41. Kh3 Rd4 42. Rc2 Kd6 43. Rf2 Ke6 44. Rc2 f6 45. Rc5 Rd5 46. Rc2 Kd6 47. Rf2 Ke7 48. Re2+ Kf7 49. Rc2 c5 50. Re2 b6 51. Rc2 Rd4 52. Rf2 a4 53. bxa4 Rxa4 54. Rb2 Rb4 55. Re2 f5 56. Rd2 Ke6 57. Re2+ Kd5 58. Rf2 Ke5 59. Re2+ Kd4 60. Rf2 Ke4 61. Rf4+ Ke5 62. Rf2 Ra4 63. Re2+ Kf6 64. Rb2 Ra6 65. Kh4 Kg6 66. Re2 Ra4+ 67. Kh3 Rb4 68. Re6+ Kg5 69. Re8 b5 70. Rg8+ Kf6 71. Rh8 Kg6 72. Rg8+ Kf7 73. Rg5 Kf6 74. Rxh5 Ra4 75. Rh6+ Ke5 76. Rc6 Kd5 77. Rb6 Kc4 78. Rf6 Rxa2 79. Rxf5 b4 80. g4 b3 81. Rf8 b2 82. Rb8 Ra3+ 83. Kh4 Rb3 84. Rxb3 Kxb3 85. g5 b1Q 86. Kh5 Qh7+ 87. Kg4 Qg6 88. Kf4 Kc4 89. Kg4 Kd4 90. Kf4 c4 91. Kg4 Ke4 92. Kh4 Kf4 93. Kh3 Qxg5 94. Kh2 Qg6 95. Kh1 Qg7 96. Kh2 Qg8 97. Kh3 c3 98. Kh2 Ke4 99. Kh1 Kd4 100. Kh2 Kc4 101. Kh3 Kb4 102. Kh4 Ka4 103. Kh5 Ka5 104. Kh6 Ka6 105. Kh5 Ka7 106. Kh4 Ka8 107. Kh3 Qg1 108. Kh4 c2 109. Kh5 Ka7 110. Kh4 Ka6 111. Kh5 Ka5 112. Kh4 Ka4 113. Kh3 Ka3 114. Kh4 Ka2 115. Kh5 Ka1 116. Kh6 Kb1 117. Kh7 Kc1 118. Kh6 Kd2 119. Kh5 Ke2 120. Kh6 Ke3 121. Kh7 c1Q 122. Kh8 Qd2 123. Kh7 Qe2 124. Kh6 Qgg2 125. Kh7 Kf2 126. Kh8 Qef1 127. Kh7 Kg1 128. Kh8 Kh2 129. Kh7 Qfh1 130. Kh8 Kg1# 0-1

[Event "Titled Tuesday intern op 09th May Late"]
[Site "Chess.com INT"]
[Date "2023.05.09"]
[Round "6"]
[White "Sowa, Ryan"]
[Black "Mikhalsky, Vladimir"]
[Result "1/2-1/2"]
[WhiteElo "2073"]
[BlackElo "2219"]
[PlyCount "134"]
[EventDate "2023.05.09"]
[EventType "swiss (blitz)"]
[EventRounds "11"]
[EventCountry "USA"]
[SourceTitle "CBM 214 Extra"]
[Source "ChessBase"]
[SourceDate "2023.07.31"]
[SourceVersion "1"]
[SourceVersionDate "2023.07.31"]
[SourceQuality "1"]

1. Nf3 c5 2. b3 Nc6 3. e4 e5 4. Bb2 d6 5. Bb5 Bd7 6. 0-0 a6 7. Bxc6 Bxc6 8. c3 Nf6 9. d4 Bxe4 10. Re1 Bxf3 11. Qxf3 e4 12. c4 Be7 13. Qg3 0-0 14. d5 g6 15. Nd2 b5 16. Nxe4 Nxe4 17. Rxe4 Bf6 18. Bxf6 Qxf6 19. Rae1 bxc4 20. bxc4 Rab8 21. h4 h5 22. Rf4 Qd8 23. Rfe4 Rb7 24. f4 Qf6 25. f5 Rb2 26. fxg6 Qxg6 27. Qxg6+ fxg6 28. Re6 Kg7 29. Re7+ Rf7 30. R1e6 Rxa2 31. Rxf7+ Kxf7 32. Rxd6 Ra4 33. Rc6 Rxc4 34. Rxa6 Rxh4 35. Rc6 c4 36. d6 Rd4 37. d7 Rxd7 38. Rxc4 Rd3 39. Rc5 Kf6 40. Kh2 h4 41. Ra5 g5 42. Ra6+ Kf5 43. Ra5+ Kg4 44. Ra4+ Kh5 45. Ra5 Rd4 46. Rb5 Kg4 47. Ra5 Kf4 48. Ra8 Rd5 49. Rf8+ Rf5 50. Ra8 g4 51. Rb8 Rd5 52. Rf8+ Ke3 53. Re8+ Kf2 54. Rf8+ Ke3 55. Re8+ Kf4 56. Rf8+ Rf5 57. Ra8 Re5 58. Rf8+ Kg5 59. Rg8+ Kh5 60. Rh8+ Kg5 61. Rg8+ Kf4 62. Rf8+ Ke4 63. Rh8 g3+ 64. Kh3 Ke3 65. Rxh4 Kf2 66. Rf4+ Kg1 67. Kxg3 Rg5+ 1/2-1/2

[Event "Titled Tuesday intern op 7th Mar Early"]
[Site "Chess.com INT"]
[Date "2023.03.07"]
[Round "2"]
[White "Sowa, Ryan"]
[Black "Saito, Vinicius Ikezu"]
[Result "0-1"]
[WhiteElo "2067"]
[BlackElo "2147"]
[PlyCount "122"]
[EventDate "2023.03.07"]
[EventType "swiss (blitz)"]
[EventRounds "11"]
[EventCountry "USA"]
[SourceTitle "EXT 2024"]
[Source "ChessBase"]
[SourceDate "2023.10.10"]
[SourceVersion "1"]
[SourceVersionDate "2023.10.10"]
[SourceQuality "1"]

1. Nf3 Nf6 2. b3 d5 3. Bb2 Bf5 4. e3 e6 5. Nh4 Bg6 6. Nxg6 hxg6 7. g3 a5 8. a3 c6 9. Bg2 Nbd7 10. 0-0 Bc5 11. d4 Bd6 12. Nd2 0-0 13. c4 Re8 14. e4 dxe4 15. Nxe4 Nxe4 16. Bxe4 Nf6 17. Bg2 Qc7 18. Qe2 c5 19. dxc5 Bxc5 20. Rfd1 Rad8 21. Rxd8 Rxd8 22. Rd1 Rxd1+ 23. Qxd1 b6 24. Qd2 Qd6 25. Qxd6 Bxd6 26. Bd4 Bc5 27. Bxc5 bxc5 28. Kf1 Kf8 29. Ke2 Ke7 30. Kd3 Kd6 31. Kc3 Ng4 32. b4 axb4+ 33. axb4 Nxf2 34. b5 Kc7 35. h3 Nd1+ 36. Kd2 Nb2 37. Kc3 Na4+ 38. Kd3 Nb6 39. Bc6 Kd6 40. h4 f6 41. Be8 g5 42. hxg5 fxg5 43. Bg6 Ke5 44. Be4 Kd6 45. Bf3 Ke5 46. Be2 Nd7 47. Bf3 Nb6 48. Be2 Nd7 49. Ke3 Nb6 50. Bd3 Nd7 51. Bf1 Nb6 52. Kf2 Ke4 53. Kg2 e5 54. Kh3 Ke3 55. Kg4 e4 56. Kxg5 Kf2 57. Bh3 e3 58. Bg4 e2 59. Bxe2 Kxe2 60. Kg6 Nxc4 61. Kxg7 Nb6 0-1

[Event "Titled Tuesday intern op 17th Jan Late"]
[Site "Chess.com INT"]
[Date "2023.01.17"]
[Round "2"]
[White "Sowa, Ryan"]
[Black "Mione, Dario"]
[Result "1-0"]
[WhiteElo "2067"]
[BlackElo "2228"]
[PlyCount "79"]
[EventDate "2023.01.17"]
[EventType "swiss (blitz)"]
[EventRounds "11"]
[EventCountry "USA"]
[SourceTitle "CBM 212 Extra"]
[Source "ChessBase"]
[SourceDate "2023.03.31"]
[SourceVersion "1"]
[SourceVersionDate "2023.03.31"]
[SourceQuality "1"]

1. Nf3 c5 2. b3 Nf6 3. Bb2 e6 4. e3 Be7 5. d4 d5 6. Nbd2 Nc6 7. Bd3 0-0 8. a3 b6 9. Ne5 Nxe5 10. dxe5 Nd7 11. Nf3 f5 12. exf6 Bxf6 13. Bxf6 Qxf6 14. 0-0 Bb7 15. c4 Ne5 16. Nxe5 Qxe5 17. Qc2 Qh5 18. b4 Rac8 19. b5 Rfd8 20. a4 e5 21. cxd5 Bxd5 22. Be4 h6 23. a5 Qf7 24. axb6 axb6 25. h3 Bxe4 26. Qxe4 Qd5 27. Qg4 Ra8 28. Rxa8 Rxa8 29. Rd1 Qf7 30. Rd7 Qf6 31. Qe4 Ra1+ 32. Kh2 Qxf2 33. Rd8+ Kf7 34. Qd5+ Kg6 35. Rd6+ Kh7 36. Qe4+ Kg8 37. Rd8+ Kf7 38. Qd5+ Kg6 39. Qd3+ Kf7 40. Rd7+ 1-0

[Event "Titled Tuesday intern op 14th Jun Late"]
[Site "Chess.com INT"]
[Date "2022.06.14"]
[Round "4"]
[White "Sowa, Ryan"]
[Black "Ibarra Jerez, Jose Carlos"]
[Result "0-1"]
[WhiteElo "2067"]
[BlackElo "2570"]
[PlyCount "66"]
[EventDate "2022.06.14"]
[EventType "swiss (blitz)"]
[EventRounds "11"]
[EventCountry "USA"]
[SourceTitle "EXT 2023"]
[Source "ChessBase"]
[SourceDate "2022.10.05"]
[SourceVersion "1"]
[SourceVersionDate "2022.10.05"]
[SourceQuality "1"]

1. Nf3 c5 2. c4 Nc6 3. d4 cxd4 4. Nxd4 Nf6 5. Nc3 e6 6. a3 Bc5 7. Nb3 Bb6 8. e4 d6 9. Be2 0-0 10. 0-0 a6 11. Qd3 Ne5 12. Qg3 Kh8 13. c5 Ba7 14. cxd6 Ng6 15. e5 Nd7 16. Bf4 Nxf4 17. Qxf4 f6 18. exf6 Nxf6 19. Rad1 Nd5 20. Qc4 Qxd6 21. Nxd5 exd5 22. Qxd5 Qxd5 23. Rxd5 Be6 24. Rd3 Bc4 25. Nc1 Bxd3 26. Nxd3 Rac8 27. Bf3 Rcd8 28. Nb4 Rd2 29. b3 a5 30. Nd5 Rd8 31. Nf4 Rb2 32. a4 g6 33. Bxb7 Rxf2 0-1

[Event "Titled Tuesday intern op 19th Apr Late"]
[Site "Chess.com INT"]
[Date "2022.04.19"]
[Round "10"]
[White "Kanyamarala, Tarun"]
[Black "Sowa, Ryan"]
[Result "0-1"]
[WhiteElo "2403"]
[BlackElo "2067"]
[PlyCount "78"]
[EventDate "2022.04.19"]
[EventType "swiss (blitz)"]
[EventRounds "11"]
[EventCountry "USA"]
[SourceTitle "EXT 2023"]
[Source "ChessBase"]
[SourceDate "2022.10.05"]
[SourceVersion "1"]
[SourceVersionDate "2022.10.05"]
[SourceQuality "1"]

1. d4 d6 2. Nc3 Nf6 3. e4 c6 4. f4 Qa5 5. Bd3 e5 6. Nf3 exd4 7. Nxd4 g6 8. 0-0 Bg7 9. Nb3 Qc7 10. f5 Nbd7 11. Bg5 h6 12. Bh4 g5 13. Bg3 Ne5 14. Nd2 0-0 15. Nc4 Nfd7 16. Ne3 Qb6 17. Bf2 Qxb2 18. Ne2 Nxd3 19. cxd3 Qxa1 20. Qxa1 Bxa1 21. Rxa1 Rd8 22. Ng4 Kg7 23. Bd4+ f6 24. Ng3 b6 25. Nh5+ Kf7 26. Nhxf6 Nxf6 27. Nxf6 Ba6 28. Rd1 c5 29. Bb2 Rac8 30. Ng4 h5 31. Nh6+ Ke7 32. Bg7 c4 33. dxc4 Bxc4 34. f6+ Ke8 35. Rf1 Bxf1 36. f7+ Ke7 37. f8Q+ Rxf8 38. Bxf8+ Rxf8 39. Nf5+ Rxf5 0-1

[Event "Titled Tuesday intern op 19th Apr Late"]
[Site "Chess.com INT"]
[Date "2022.04.19"]
[Round "1"]
[White "Kohler, Aran"]
[Black "Sowa, Ryan"]
[Result "0-1"]
[WhiteElo "2121"]
[BlackElo "2067"]
[PlyCount "86"]
[EventDate "2022.04.19"]
[EventType "swiss (blitz)"]
[EventRounds "11"]
[EventCountry "USA"]
[SourceTitle "EXT 2023"]
[Source "ChessBase"]
[SourceDate "2022.10.05"]
[SourceVersion "1"]
[SourceVersionDate "2022.10.05"]
[SourceQuality "1"]

1. d4 Nf6 2. Nf3 d5 3. Bg5 Ne4 4. Bh4 c5 5. e3 Nc6 6. c3 Bf5 7. Nbd2 Qb6 8. Qb3 c4 9. Qxb6 axb6 10. a3 h6 11. Nxe4 Bxe4 12. Rc1 e6 13. Nd2 Bg6 14. Be2 b5 15. 0-0 Nb8 16. f3 Nd7 17. e4 Nb6 18. Rfe1 Kd7 19. Bg3 Be7 20. Bd1 Na4 21. Bxa4 bxa4 22. Re2 Ra5 23. Rce1 Bd8 24. exd5 exd5 25. Nf1 Rb5 26. Be5 f6 27. Bf4 Bd3 28. Rf2 Be7 29. Bc1 Bd6 30. g3 h5 31. h4 Ra5 32. Kg2 Bg6 33. Rfe2 Raa8 34. Ne3 Kc6 35. Kf2 Bd3 36. Rd2 g5 37. hxg5 fxg5 38. Ng2 h4 39. gxh4 gxh4 40. Re6 h3 41. Rxd3 cxd3 42. Bf4 Rad8 43. Ne3 h2 0-1

[Event "Titled Tuesday intern op 19th Apr Late"]
[Site "Chess.com INT"]
[Date "2022.04.19"]
[Round "4"]
[White "Ozdemir, Serhan Berat"]
[Black "Sowa, Ryan"]
[Result "0-1"]
[WhiteElo "2176"]
[BlackElo "2067"]
[PlyCount "70"]
[EventDate "2022.04.19"]
[EventType "swiss (blitz)"]
[EventRounds "11"]
[EventCountry "USA"]
[SourceTitle "EXT 2023"]
[Source "ChessBase"]
[SourceDate "2022.10.05"]
[SourceVersion "1"]
[SourceVersionDate "2022.10.05"]
[SourceQuality "1"]

1. e4 d6 2. d4 Nf6 3. Nc3 c6 4. Nf3 Bg4 5. Be3 e6 6. h3 Bh5 7. Be2 Be7 8. 0-0 d5 9. e5 Nfd7 10. Nh2 Bg6 11. f4 c5 12. Nf3 Nc6 13. Qd2 0-0 14. g4 f6 15. f5 exf5 16. Nxd5 fxe5 17. Nxe7+ Qxe7 18. dxe5 Ndxe5 19. Qd5+ Kh8 20. Bxc5 Qf7 21. Qxf7 Rxf7 22. Ng5 Rf6 23. Rad1 h6 24. Nf3 fxg4 25. Nxe5 Rxf1+ 26. Rxf1 Nxe5 27. hxg4 Bxc2 28. Bd4 Re8 29. Bb5 Re7 30. Rf8+ Kh7 31. Kg2 Nxg4 32. Bc4 Ne3+ 33. Bxe3 Rxe3 34. Rf7 Kg6 35. Rxb7 Be4+ 0-1

[Event "Titled Tuesday intern op 19th Apr Late"]
[Site "Chess.com INT"]
[Date "2022.04.19"]
[Round "8"]
[White "Sowa, Ryan"]
[Black "Saldano Dayer, Horacio"]
[Result "1-0"]
[WhiteElo "2067"]
[BlackElo "2422"]
[PlyCount "119"]
[EventDate "2022.04.19"]
[EventType "swiss (blitz)"]
[EventRounds "11"]
[EventCountry "USA"]
[SourceTitle "EXT 2023"]
[Source "ChessBase"]
[SourceDate "2022.10.05"]
[SourceVersion "1"]
[SourceVersionDate "2022.10.05"]
[SourceQuality "1"]

1. Nf3 d6 2. d4 Nf6 3. c4 g6 4. Nc3 Bf5 5. Nh4 Bd7 6. Nf3 Bf5 7. Nh4 Bd7 8. g3 e5 9. Nf3 Nc6 10. Bg2 Bg7 11. 0-0 0-0 12. d5 Nb8 13. h3 a5 14. Ne1 Na6 15. Nd3 b6 16. e4 Nc5 17. b3 Qc8 18. Nxc5 bxc5 19. Kh2 a4 20. Nxa4 Bxa4 21. bxa4 Qa6 22. Qd3 Qxa4 23. Be3 Nd7 24. Rfb1 Nb6 25. Bf1 f5 26. exf5 gxf5 27. Qd2 Nxc4 28. Bxc4 Qxc4 29. Bh6 f4 30. Bxg7 Kxg7 31. Rc1 Qe4 32. Re1 fxg3+ 33. fxg3 Qg6 34. a4 Rf3 35. Rg1 Raf8 36. Rg2 Rd3 37. Qe1 Rff3 38. a5 Rde3 39. Qg1 Qe4 40. a6 Qxd5 41. a7 Qa8 42. Qb1 Rb3 43. Qa2 h5 44. Qa4 c6 45. Qh4 Kg6 46. Qe7 Rfd3 47. Qe6+ Kg7 48. Rf1 Rf3 49. Ra1 Rbd3 50. Qd7+ Kg6 51. Qc7 h4 52. Qb8 hxg3+ 53. Kh1 Ra3 54. Rxa3 Rxa3 55. Qxa8 Ra1+ 56. Rg1 Ra2 57. Rxg3+ Kf5 58. Qf8+ Ke4 59. Qf3+ Kd4 60. Qd3# 1-0

[Event "Titled Tuesday intern op 19th Apr Late"]
[Site "Chess.com INT"]
[Date "2022.04.19"]
[Round "9"]
[White "Sowa, Ryan"]
[Black "Urazayev, Arystanbek"]
[Result "0-1"]
[WhiteElo "2067"]
[BlackElo "2420"]
[PlyCount "84"]
[EventDate "2022.04.19"]
[EventType "swiss (blitz)"]
[EventRounds "11"]
[EventCountry "USA"]
[SourceTitle "EXT 2023"]
[Source "ChessBase"]
[SourceDate "2022.10.05"]
[SourceVersion "1"]
[SourceVersionDate "2022.10.05"]
[SourceQuality "1"]

1. Nf3 Nf6 2. c4 g6 3. Nc3 Bg7 4. e4 d6 5. d4 0-0 6. Be2 Bg4 7. 0-0 Nfd7 8. Be3 Nc6 9. Qd2 Bxf3 10. Bxf3 e5 11. d5 Nd4 12. Bd1 f5 13. exf5 Nxf5 14. Bg5 Bf6 15. Bxf6 Qxf6 16. Ne4 Qh4 17. f3 Nd4 18. Qg5 Qxg5 19. Nxg5 Nc5 20. Ne4 Nxe4 21. fxe4 Rxf1+ 22. Kxf1 Rf8+ 23. Kg1 Rf4 24. Rc1 Rxe4 25. c5 dxc5 26. Kf2 Rf4+ 27. Ke1 b6 28. b4 c4 29. g3 Re4+ 30. Kf2 b5 31. a4 a6 32. axb5 axb5 33. Ra1 c3 34. Ra7 c2 35. Bxc2 Re2+ 36. Kf1 Rxc2 37. d6 cxd6 38. Rg7+ Kxg7 39. Kg1 e4 40. h3 e3 41. Kf1 Nf3 42. g4 Rf2# 0-1

[Event "Titled Tuesday intern op 04th Jan"]
[Site "Chess.com INT"]
[Date "2022.01.04"]
[Round "3"]
[White "Timofeev, Artyom"]
[Black "Sowa, Ryan"]
[Result "1-0"]
[WhiteElo "2574"]
[BlackElo "2067"]
[PlyCount "87"]
[EventDate "2022.01.04"]
[EventType "swiss (blitz)"]
[EventRounds "11"]
[EventCountry "USA"]
[SourceTitle "EXT 2023"]
[Source "ChessBase"]
[SourceDate "2022.10.05"]
[SourceVersion "1"]
[SourceVersionDate "2022.10.05"]
[SourceQuality "1"]

1. d4 Nf6 2. Nf3 g6 3. Nbd2 d5 4. b4 Bg7 5. Bb2 0-0 6. e3 b6 7. c4 Bb7 8. Be2 dxc4 9. Nxc4 Nbd7 10. 0-0 Ne4 11. Qc2 e6 12. Rfd1 Qe7 13. b5 Rfc8 14. a4 c5 15. dxc5 Ndxc5 16. Bxg7 Kxg7 17. a5 Bd5 18. Nfe5 Bxc4 19. Nxc4 Rab8 20. Bf3 Nf6 21. axb6 axb6 22. Bc6 Rd8 23. Rdb1 Kg8 24. h3 Ne8 25. Rc1 Nf6 26. Rd1 Rxd1+ 27. Rxd1 Rd8 28. Ra1 Nd5 29. Bxd5 exd5 30. Nxb6 Qf6 31. Rc1 Qxb6 32. Qxc5 Qxc5 33. Rxc5 Kf8 34. Kf1 Ke7 35. Ke2 Kd6 36. Rc6+ Kd7 37. Rc1 Rb8 38. Rb1 Kd6 39. Kd3 Kc5 40. g4 f6 41. h4 h6 42. Rc1+ Kd6 43. Rc6+ Kd7 44. Rxf6 1-0

[Event "Windsor NAYCC U16"]
[Site "Windsor"]
[Date "2016.08.11"]
[Round "8.34"]
[White "Sowa, Ryan"]
[Black "Yen, Michael J"]
[Result "1/2-1/2"]
[WhiteElo "1948"]
[BlackElo "1969"]
[PlyCount "91"]
[EventDate "2016.08.07"]
[EventType "swiss"]
[EventRounds "9"]
[EventCountry "CAN"]
[SourceTitle "EXT 2022"]
[Source "ChessBase"]
[SourceDate "2021.10.06"]
[SourceVersion "1"]
[SourceVersionDate "2021.10.06"]
[SourceQuality "1"]

1. Nf3 Nf6 2. c4 e6 3. g3 d5 4. d4 Be7 5. Bg2 0-0 6. Qc2 Nbd7 7. 0-0 Re8 8. Nbd2 Bf8 9. e4 dxe4 10. Nxe4 e5 11. dxe5 Nxe4 12. Qxe4 Nc5 13. Qe3 Bg4 14. Bd2 Qd3 15. Qxd3 Nxd3 16. Bc3 Bxf3 17. Bxf3 c6 18. Bg2 Nxe5 19. b3 Bc5 20. Rad1 f6 21. h3 Rad8 22. Rfe1 Nf7 23. Rxe8+ Rxe8 24. Kf1 Re7 25. Re1 Kf8 26. Rxe7 Kxe7 27. Ke2 Ne5 28. Be4 g6 29. f4 Nf7 30. Kf3 Ke6 31. Bd3 Bb6 32. b4 c5 33. Be4 Nd6 34. Bd5+ Ke7 35. g4 a6 36. h4 Ba7 37. g5 fxg5 38. hxg5 b5 39. cxb5 axb5 40. Kg4 Nf5 41. Bc6 Nd6 42. Bd5 Nf5 43. Kf3 Bb6 44. Be4 Ke6 45. Bc6 cxb4 46. Be5 1/2-1/2

[Event "Windsor NAYCC U16"]
[Site "Windsor"]
[Date "2016.08.10"]
[Round "6.35"]
[White "Sowa, Ryan"]
[Black "Nguyen, Tan"]
[Result "1-0"]
[WhiteElo "1948"]
[BlackElo "1972"]
[PlyCount "121"]
[EventDate "2016.08.07"]
[EventType "swiss"]
[EventRounds "9"]
[EventCountry "CAN"]
[SourceTitle "EXT 2022"]
[Source "ChessBase"]
[SourceDate "2021.10.06"]
[SourceVersion "1"]
[SourceVersionDate "2021.10.06"]
[SourceQuality "1"]

1. e4 g6 2. d4 Bg7 3. c4 d6 4. Nc3 Nf6 5. h3 0-0 6. Bg5 h6 7. Be3 e5 8. d5 c5 9. a3 Na6 10. Bd3 Kh7 11. Nge2 Ng8 12. Qd2 f5 13. exf5 Bxf5 14. Ng3 Ne7 15. h4 Bxd3 16. Qxd3 Kh8 17. h5 g5 18. Rb1 Qd7 19. 0-0 Nf5 20. Nxf5 Rxf5 21. Qe2 Rff8 22. Ne4 Nc7 23. b4 b6 24. bxc5 dxc5 25. Qc2 Ne8 26. a4 Nd6 27. Nxd6 Qxd6 28. a5 Rab8 29. axb6 axb6 30. Rb5 g4 31. Rfb1 g3 32. fxg3 e4 33. Bf4 Bd4+ 34. Kh1 Rxf4 35. gxf4 Qxf4 36. R5b3 e3 37. Qe2 Be5 38. g4 Bd4 39. Qg2 Rg8 40. Rxb6 Rxg4 41. Qxg4 Qxg4 42. Rxh6+ Kg7 43. Rg6+ Qxg6 44. hxg6 Kxg6 45. Kg2 Kf5 46. Kf3 Ke5 47. Rb3 Kd6 48. Rb6+ Kd7 49. Re6 Kc7 50. Rxe3 Kd6 51. Re6+ Kd7 52. Ke4 Bf2 53. Kd3 Bd4 54. Kc2 Kc7 55. Kb3 Bf2 56. Ka4 Bg3 57. Rc6+ Kd7 58. Rxc5 Kd6 59. Rc6+ Kd7 60. Rg6 Be5 61. c5 1-0

[Event "Windsor NAYCC U16"]
[Site "Windsor"]
[Date "2016.08.09"]
[Round "5.36"]
[White "Zhong, Joey"]
[Black "Sowa, Ryan"]
[Result "1/2-1/2"]
[WhiteElo "2024"]
[BlackElo "1948"]
[PlyCount "54"]
[EventDate "2016.08.07"]
[EventType "swiss"]
[EventRounds "9"]
[EventCountry "CAN"]
[SourceTitle "EXT 2022"]
[Source "ChessBase"]
[SourceDate "2021.10.06"]
[SourceVersion "1"]
[SourceVersionDate "2021.10.06"]
[SourceQuality "1"]

1. e4 e6 2. d4 d5 3. e5 c5 4. c3 Qb6 5. Nf3 Bd7 6. Nbd2 Bb5 7. c4 dxc4 8. Bxc4 cxd4 9. 0-0 Nc6 10. Bxb5 Qxb5 11. Nb3 Nge7 12. Nbxd4 Nxd4 13. Nxd4 Qd7 14. Be3 Nd5 15. Qb3 Be7 16. Rfd1 0-0 17. Nb5 b6 18. Nc3 Rfd8 19. a4 Qc6 20. Nxd5 exd5 21. a5 Bc5 22. Rac1 Rac8 23. Bg5 Re8 24. Qxd5 Qxd5 25. Rxd5 f6 26. axb6 axb6 27. Bd2 fxe5 1/2-1/2

[Event "Windsor NAYCC U16"]
[Site "Windsor"]
[Date "2016.08.08"]
[Round "3.31"]
[White "Bellissimo, Joseph F"]
[Black "Sowa, Ryan"]
[Result "1/2-1/2"]
[WhiteElo "2142"]
[BlackElo "1948"]
[PlyCount "120"]
[EventDate "2016.08.07"]
[EventType "swiss"]
[EventRounds "9"]
[EventCountry "CAN"]
[SourceTitle "EXT 2022"]
[Source "ChessBase"]
[SourceDate "2021.10.06"]
[SourceVersion "1"]
[SourceVersionDate "2021.10.06"]
[SourceQuality "1"]

1. e4 e6 2. d4 d5 3. Nd2 c5 4. Ngf3 cxd4 5. exd5 Qxd5 6. Bc4 Qd6 7. 0-0 Nf6 8. Nb3 Nc6 9. Nbxd4 Nxd4 10. Nxd4 a6 11. Re1 Qc7 12. Qe2 h6 13. Bd2 Bd6 14. Nxe6 Bxe6 15. Bxe6 fxe6 16. Qxe6+ Kf8 17. Bc3 Re8 18. Qf5 Qf7 19. Bxf6 Rxe1+ 20. Rxe1 gxf6 21. Re6 Be7 22. Re3 Bd6 23. Re6 Be7 24. g3 Rg8 25. Re4 Rg5 26. Qc8+ Kg7 27. Qxb7 Re5 28. Rxe5 fxe5 29. Qxa6 Qd5 30. Qe2 Qxa2 31. Qxe5+ Bf6 32. Qc7+ Kg8 33. Qc8+ Kh7 34. b3 Bg7 35. Qc6 Qb2 36. h4 Qd4 37. Kg2 Kh8 38. c4 Qb2 39. c5 Qxb3 40. Qe8+ Kh7 41. Qe4+ Kh8 42. c6 Qf7 43. Qd3 Be5 44. Qd7 Qxd7 45. cxd7 Bc7 46. Kf3 Kg7 47. Kg4 Kg6 48. Kf3 Kf5 49. g4+ Ke6 50. Ke4 Kxd7 51. Kf5 Ke7 52. f4 Kf7 53. h5 Kg7 54. g5 hxg5 55. fxg5 Ba5 56. h6+ Kh7 57. Kf6 Bd8+ 58. Kf5 Bxg5 59. Kxg5 Kg8 60. h7+ Kxh7 1/2-1/2

[Event "North American-ch U10"]
[Site "Montreal"]
[Date "2010.08.18"]
[Round "5"]
[White "Gugel, Brett"]
[Black "Sowa, Ryan"]
[Result "1-0"]
[WhiteElo "1352"]
[BlackElo "1057"]
[PlyCount "99"]
[EventDate "2010.08.16"]
[EventType "swiss"]
[EventRounds "7"]
[EventCountry "CAN"]
[SourceTitle "EXT 2013"]
[Source "ChessBase"]
[SourceDate "2012.11.22"]
[SourceVersion "1"]
[SourceVersionDate "2012.11.22"]
[SourceQuality "1"]

1. e4 Nf6 2. e5 Nd5 3. d4 d6 4. Nf3 Nc6 5. c4 Nb6 6. Bf4 Bg4 7. exd6 cxd6 8. d5 e5 9. dxc6 exf4 10. cxb7 Rb8 11. Qd3 Rxb7 12. Be2 Be7 13. Qe4 Qc7 14. Qxf4 Be6 15. Na3 d5 16. Qxc7 Rxc7 17. cxd5 Nxd5 18. 0-0 Rb7 19. Bb5+ Bd7 20. Bxd7+ Kxd7 21. Nc4 Bf6 22. Rad1 Ke6 23. Rfe1+ Kd7 24. Rxd5+ Kc7 25. Rc1 Kb8 26. Nfe5 Rc8 27. Nd7+ Ka8 28. Ncb6+ axb6 29. Rxc8+ Ka7 30. Nxf6 gxf6 31. Rcd8 Ka6 32. Ra8+ Ra7 33. Rxa7+ Kxa7 34. Rd7+ Ka6 35. Rxf7 Ka5 36. Rxf6 b5 37. Rf4 b4 38. b3 h5 39. Rf8 Kb6 40. f4 h4 41. f5 h3 42. f6 hxg2 43. Rc8 Kb7 44. Rc4 Kb6 45. f7 Kb5 46. f8Q Kb6 47. Qb8+ Ka5 48. Rxb4 Ka6 49. a3 Ka5 50. Qa8# 1-0